01248nam a2200313 a 4500001001200000003000800012006001900020007001500039008004100054010001700095020001800112020003900130040002100169035002100190050002300211082001800234100002500252245009700277260007700374300001900451504006600470533015200536650002600688650003100714655002900745710001700774856012600791999001700917ebr10297872CaPaEBRm u cr cn|||||||||070529s2007 enka sb 001 0 eng d z 2007022437 z9780470519615 z9780470025642 (cloth : alk. paper) aCaPaEBRcCaPaEBR a(OCoLC)60862421614aRM735b.R65 2007eb04a615.8/5152221 aRoss, Joanne,d1965-10aOccupational therapy and vocational rehabilitationh[electronic resource] /cby Joanna Ross. aChichester, West Sussex ;aHoboken, N.J. :bJohn Wiley and Sons,cc2007. a271 p. :bill. aIncludes bibliographical references (p. [238]-260) and index. aElectronic reproduction.bPalo Alto, Calif. :cebrary,d2013.nAvailable via World Wide Web.nAccess may be limited to ebrary affiliated libraries. 0aOccupational therapy. 0aVocational rehabilitation. 7aElectronic books.2local2 aebrary, Inc.40uhttp://site.ebrary.com/lib/rucke/Doc?id=10297872zAn electronic book accessible through the World Wide Web; click to view c64337d64337